• 首页
  • 本馆介绍
  • 公告通知
  • 最新文献
  • 馆藏检索
  • 电子资源
  • 读者导购
  • 参考咨询
  • 我的图书馆
  • 登录
  • 详细信息显示
  • 放入我的书架
  • 预约/预借图书
  • 作者相关作品
  • 分类相关作品
  • 丛书相关作品
  • 出版社相关作品

书目信息

  • 表格格式
  • 工作单格式
  • 卡片格式
题名:
明代散文选择
    
 
作者: 田南池 译注
分册:  
出版信息: 成都   巴蜀书社  1991.10
页数: 313页
开本: 19cm
丛书名: 古代文史名著选译丛书
单 册:
中图分类: I264.8 , I211
科图分类:
主题词: 古典散文--中国--明代--选集 , 古典散文 , 文学--作品集--中国
电子资源:
ISBN: 7-80523-358-6
000 00842oam2 2200289 450
001 1537071618
005 20150125101907.17
010    @a7-80523-358-6@dCNY2.80
100    @a19920528d1991 em y0chiy0110 ea
101 0  @achi
102    @aCN@b510000
105    @ay zr 000cd
200 1  @a明代散文选择@9ming dai san wen xuan ze@f田南池译注
210    @a成都@c巴蜀书社@d1991.10
215    @a313页@d19cm
225 2  @a古代文史名著选译丛书@i宋元明清@f章培恒等主编
300    @a国家教委古籍整理“七·五”规划重点项目
461  0 @12001 @a古代文史名著选译丛书
462  0 @12001 @a宋元明清
606 0  @a古典散文@y中国@z明代@x选集
606 0  @a古典散文
606 0  @a文学@x作品集@x中国
690    @aI264.8@v三版
690    @aI211@v4
701  0 @a田南池@9tian nan chi@4译注
801  0 @aCN@bTSSF@c20150125
905    @aZUCC@dI211@eJY95
    
    明代散文选择/田南池译注.-成都:巴蜀书社,1991.10
    313页;19cm.-(古代文史名著选译丛书.宋元明清/章培恒等主编)
    国家教委古籍整理“七·五”规划重点项目
    
    ISBN 7-80523-358-6:CNY2.80
    
●
相关链接 在E读中查询图书 在五车中查询图书 在当当中查询图书 在豆瓣中查询图书


正题名:明代散文选择     索取号:I211/JY95         预约/预借

序号 登录号 条形码 馆藏地/架位号 状态 备注
1 7853854   278538548   学院路分馆/ [索取号:I211/JY95] 在馆    
2 7853855   278538557   学院路分馆/ [索取号:I211/JY95] 在馆    
唐山师范学院图书馆 欢迎您!
大连网信软件有限公司© 版权所有